México ante la diplomacia vaticana : el periodo triangular, 1821-1836 /

Estudio sobre las relaciones diplomáticas entre México y el Vaticano, sobre las actitudes y hechos políticos relativos a la religión, durante la época en que la independencia de México y el desarrollo de una identidad propia estaban un poco debilitadas y requerían consolidarse.

Na minha lista:
Detalhes bibliográficos
Autor principal: Gómez Ciriza, Roberto (autor)
Formato: Livro
Idioma:espanhol
Publicado em: México : Fondo de Cultura Económica, 1977, c1977
Colecção:(Sección de Obras de Historia)
Assuntos:
Tags: Adicionar Tag
Sem tags, seja o primeiro a adicionar uma tag!

MARC

LEADER 00000nam^a2200000^a^4500
001 000121198
005 20250521000000.0
009 20260310094419.894
037 |a Acervo ITESO - Biblioteca 
041 |a ESP 
082 |a 972. 04  |b GOM 
100 |a Gómez Ciriza, Roberto  |e (autor) 
245 1 0 |a México ante la diplomacia vaticana :  |b el periodo triangular, 1821-1836 /  |c R. Gómez Ciriza. 
264 4 |a México :  |b Fondo de Cultura Económica,  |c 1977, c1977 
300 |a 368 p. 
336 |a texto  |b txt  |2 rdacontenido 
337 |a sin mediación  |b n  |2 rdamedio 
338 |a volumen  |b nc  |2 rdasoporte 
440 1 |a (Sección de Obras de Historia) 
520 |a Estudio sobre las relaciones diplomáticas entre México y el Vaticano, sobre las actitudes y hechos políticos relativos a la religión, durante la época en que la independencia de México y el desarrollo de una identidad propia estaban un poco debilitadas y requerían consolidarse. 
649 |a XX 
650 |a Relaciones Internacionales -  |z México-Vaticano (Ciudad) 
650 |a Política Exterior -  |z México -  |x Historia 
650 |a Política Exterior -  |z Vaticano (Ciudad) -  |x Historia 
650 |a Iglesia y Estado -  |z México -  |x Historia 
650 |a Política y Religión -  |z México -  |x Historia 
650 |a México -  |x Historia -  |y Regencia e Imperio, 1821-1823 
650 |a México -  |x Historia -  |y Federalismo y Centralismo, 1824-1853 
650 |a México -  |x Historia -  |y Siglo XIX 
650 |a Vaticano (Ciudad) -  |x Historia 
910 |a Fondo Salvador Reynoso Reynoso 
920 |a Impresos - Libros 
930 |a Fondos Especiales 
905 |a 112 
901 |a 0800006017  |b IT2  |c ESP  |u 20250521 
902 |a https://opac.biblio.iteso.mx/vufind/Record/000121198